The case for faith : (Record no. 17592)

000 -LEADER
fixed length control field 01341cam a22003134a 4500
001 - CONTROL NUMBER
control field 12068172
003 - CONTROL NUMBER IDENTIFIER
control field OkBaRHE
005 - DATE AND TIME OF LATEST TRANSACTION
control field 20111014141958.0
008 - FIXED-LENGTH DATA ELEMENTS--GENERAL INFORMATION
fixed length control field 000621s2000 miu b 001 0 eng
010 ## - LIBRARY OF CONGRESS CONTROL NUMBER
LC control number 00057216
020 ## - INTERNATIONAL STANDARD BOOK NUMBER
International Standard Book Number 0310220157 (hardcover)
020 ## - INTERNATIONAL STANDARD BOOK NUMBER
International Standard Book Number 0310234697 (pbk.)
040 ## - CATALOGING SOURCE
Original cataloging agency DLC
Transcribing agency DLC
Modifying agency DLC
042 ## - AUTHENTICATION CODE
Authentication code pcc
050 00 - LIBRARY OF CONGRESS CALL NUMBER
Classification number BT1102
Item number .S77 2000
082 00 - DEWEY DECIMAL CLASSIFICATION NUMBER
Classification number 239
Edition number 21
100 1# - MAIN ENTRY--PERSONAL NAME
Personal name Strobel, Lee,
Dates associated with a name 1952-
9 (RLIN) 1518
245 14 - TITLE STATEMENT
Title The case for faith :
Remainder of title a journalist investigates the toughest objections to Christianity /
Statement of responsibility, etc Lee Strobel.
260 ## - PUBLICATION, DISTRIBUTION, ETC. (IMPRINT)
Place of publication, distribution, etc Grand Rapids, Mich. :
Name of publisher, distributor, etc ZondervanPublishingHouse,
Date of publication, distribution, etc c2000.
300 ## - PHYSICAL DESCRIPTION
Extent 300 p. ;
Dimensions 21 cm.
504 ## - BIBLIOGRAPHY, ETC. NOTE
Bibliography, etc Includes bibliographical references (p. 271-290) and index.
650 #0 - SUBJECT ADDED ENTRY--TOPICAL TERM
Topical term or geographic name as entry element Apologetics.
9 (RLIN) 1519
856 41 - ELECTRONIC LOCATION AND ACCESS
Materials specified Table of contents only
Uniform Resource Identifier http://www.loc.gov/catdir/enhancements/fy0633/00057216-t.html
856 42 - ELECTRONIC LOCATION AND ACCESS
Materials specified Publisher description
Uniform Resource Identifier http://www.loc.gov/catdir/enhancements/fy0633/00057216-d.html
856 41 - ELECTRONIC LOCATION AND ACCESS
Materials specified Sample text
Uniform Resource Identifier http://www.loc.gov/catdir/enhancements/fy0642/00057216-s.html
906 ## - LOCAL DATA ELEMENT F, LDF (RLIN)
a 7
b cbc
c orignew
d 1
e ocip
f 20
g y-gencatlg
942 ## - ADDED ENTRY ELEMENTS (KOHA)
Source of classification or shelving scheme
Koha item type Books
Copies
Date last seen Withdrawn status Date checked out Koha item type Copy number Price effective from Full call number Lost status Not for loan Current Location Total Checkouts Date acquired Barcode Permanent Location Source of classification or shelving scheme Damaged status Shelving location
2014-01-31 2013-09-20Books12010-05-06BT 1102 .S77 2000  RHEMA Bible Training College12010-05-0622180RHEMA Bible Training College  General Stacks